000 00666nam a22002417a 4500
003 UA-OsUOA
001 121502
007 ta
008 20170321b un ||||| |||| 00| 0 ukr d
100 _aКюри Е.
090 _a929
_bК99
942 _cBK
040 _aUA-OsUOA
_brus
_cUA-OsUOA
_dUA-OsUOA
245 _aМария Кюри
_cЕ. Кюри; пер. Е. Ф. Корш, ред.В. В. Алпатов
300 _a328 с.
_bІлюстрації
955 _a2
041 _arus
080 _a929
260 _aМ.
_bАтомиздат
_c1977
044 _aRU
650 7 _a9 Географія. Біографії. Історія
_2UDC
999 _c407577
_d407577